000 00691nam a2200277Ia 4500
005 20260324121740.0
008 008 260324s9999 xx 000 0 eng d
020 _a9781315566054
037 _aEBOOK
040 _aCRL
040 _beng
040 _cCRL
041 _2eng
041 _aeng
084 _qCRL
100 _aEzra Chitando; Afe Adogame
_91163721
245 0 _aAfrican Traditions in the Study of Religion, Diaspora and Gendered Societies
260 _bTaylor and Francis
260 _c2013
365 _a
365 _b240
856 _uhttp://www.taylorfrancis.com/books/9781315566054
942 _cEBOOK
999 _c1756017
_d1756017